Medicinal plants of Bangladesh / (Record no. 37649)
[ view plain ]
| 000 -LEADER | |
|---|---|
| fixed length control field | 00652nam a22002177a 4500 |
| 001 - CONTROL NUMBER | |
| control field | 37649 |
| 003 - CONTROL NUMBER IDENTIFIER | |
| rucl marc code | BD-RjUL |
| 005 - DATE AND TIME OF LATEST TRANSACTION | |
| control field | 20211209052630.0 |
| 008 - FIXED-LENGTH DATA ELEMENTS--GENERAL INFORMATION | |
| fixed length control field | 150205s1994 bg ||||| |||| 00| 0 eng d |
| 035 ## - SYSTEM CONTROL NUMBER | |
| System control number | (BD-RjUL) |
| 040 ## - CATALOGING SOURCE | |
| Original cataloging agency | BD-RjUL |
| Language of cataloging | eng |
| Transcribing agency | BD-RjUL |
| 041 ## - LANGUAGE CODE | |
| Language code of text/sound track or separate title | eng |
| 082 ## - DEWEY DECIMAL CLASSIFICATION NUMBER | |
| Edition number | 20 |
| Classification number | 615.321095492 |
| Author mark and year | MED 1994 |
| 245 ## - TITLE STATEMENT | |
| Title | Medicinal plants of Bangladesh / |
| Statement of responsibility, etc. | Mohammed Yusuf ....[et ..all] |
| 260 ## - PUBLICATION, DISTRIBUTION, ETC. (IMPRINT) | |
| Place of publication, distribution, etc. | Dhaka : |
| Name of publisher, distributor, etc. | BCSIR ; |
| Date of publication, distribution, etc. | 1994 |
| 300 ## - PHYSICAL DESCRIPTION | |
| Pagination | ix, 340 p. : |
| Illustrations | ill. ; |
| Size | 23 cm. |
| 504 ## - BIBLIOGRAPHY, ETC. NOTE | |
| Bibliography, etc | Includes bibliographical references and index. |
| 650 ## - SUBJECT ADDED ENTRY--TOPICAL TERM | |
| Topical term or geographic name as entry element | Medicinal plants |
| Geographic subdivision | Bangladesh. |
| 9 (RLIN) | 115769 |
| 700 ## - ADDED ENTRY--PERSONAL NAME | |
| Personal name | Yusuf, Mohammed |
| 942 ## - ADDED ENTRY ELEMENTS (KOHA) | |
| Source of classification or shelving scheme | Dewey Decimal Classification |
| Koha item type | Books |
| Lost status | Source of classification or shelving scheme | Damaged status | Not for loan | Permanent Location | Current Location | Shelving location | Date acquired | Total Checkouts | Full call number | Date last seen | Copy number | Koha item type |
|---|---|---|---|---|---|---|---|---|---|---|---|---|
| Dewey Decimal Classification | Not For Loan | Institute of Biological Sciences (IBSc) Library | Institute of Biological Sciences (IBSc) Library | 05/02/2015 | 615.321095492 MED 1994 | 05/02/2015 | C-1 | Books |